Система упражнений для развития умений диалогической речи: общая характеристика; Молодой ученый; № 11 (91)

Dades bibliogràfiques
Parent link:Молодой ученый: ежемесячный научный журнал.— , 2008-
№ 11 (91).— 2015.— [С. 1340-1342]
Autor principal: Доржиева С. Б.
Autor corporatiu: Национальный исследовательский Томский политехнический университет (ТПУ) Институт неразрушающего контроля (ИНК) Кафедра иностранных языков Института неразрушающего контроля (ИЯНК)
Altres autors: Тумакова Н. А. Наталия Александровна
Sumari:Заглавие с экрана
Idioma:rus
Publicat: 2015
Col·lecció:Педагогика
Matèries:
Accés en línia:http://www.moluch.ru/archive/91/19824/
Format: Electrònic Capítol de llibre
KOHA link:https://koha.lib.tpu.ru/cgi-bin/koha/opac-detail.pl?biblionumber=642532

MARC

LEADER 00000nla0a2200000 4500
001 642532
005 20250205143720.0
035 |a (RuTPU)RU\TPU\network\7489 
035 |a RU\TPU\network\7487 
090 |a 642532 
100 |a 20150626d2015 k||y0rusy50 ca 
101 0 |a rus 
102 |a RU 
135 |a drcn ---uucaa 
181 0 |a i  
182 0 |a b 
200 1 |a Система упражнений для развития умений диалогической речи: общая характеристика  |f С. Б. Доржиева, Н. А. Тумакова 
203 |a Текст  |c электронный 
225 1 |a Педагогика 
300 |a Заглавие с экрана 
320 |a [Библиогр.: с. 1342 (7 назв.)] 
461 |t Молодой ученый  |o ежемесячный научный журнал  |d 2008- 
463 |t № 11 (91)  |v [С. 1340-1342]  |d 2015 
610 1 |a электронный ресурс 
610 1 |a труды учёных ТПУ 
610 1 |a диалогическая речь 
610 1 |a языковые материалы 
610 1 |a речевая деятельность 
610 1 |a репродукция 
610 1 |a рецепция 
700 1 |a Доржиева  |b С. Б. 
701 1 |a Тумакова  |b Н. А.  |c лингвист  |c специалист по учебно-методической работе Томского политехнического университета  |f 1977-  |g Наталия Александровна  |3 (RuTPU)RU\TPU\pers\32594 
712 0 2 |a Национальный исследовательский Томский политехнический университет (ТПУ)  |b Институт неразрушающего контроля (ИНК)  |b Кафедра иностранных языков Института неразрушающего контроля (ИЯНК)  |3 (RuTPU)RU\TPU\col\18721 
801 2 |a RU  |b 63413507  |c 20150626  |g RCR 
856 4 0 |u http://www.moluch.ru/archive/91/19824/ 
942 |c CF